000 00313nam a2200133Ia 4500
005 20251222144837.0
008 251222s9999||||xx |||||||||||||| ||spa||
082 _a046/O86
100 _aOtero, Salvador Tito
245 0 _aSanta Rosa de Lima:
250 _a1ra.ed.
264 _bCologio Inmaculada
942 _cLIB
999 _c21075
_d21075